000 00963nam a2200217 a 4500
999 _c11543
_d11543
001 11534
003 BD-JhCC
005 20201102134019.0
008 200321s20132018xxua|||| |||| 00| 0 ban d
035 _a(BD-JhCC)11543
040 _aBD-JhCC
_dBD-JhCC
041 _aben
082 _a297.63
_bBIS 2018
245 _aবিশ্বনবী হযরত মুহাম্মদ মুস্তফা (সাঃ)-এর জীবনী :
_bসিরাত এলবামসহ /
_cসম্পাদনায় হযরত মাওলানা আহমদ ছৈয়দ কাওছার
260 _aঢাকা :
_bজোনাকী প্রকাশনী,
_c২০১৮
300 _a৩৫২ পৃ. :
_bচিত্রবলী,
_c২৭ সেমি.
600 _aHazrat Muhammad (SA.)
_d570-632
650 _aBiography
700 _aকাওছার, হযরত মাওলানা আহমদ ছৈয়দ
942 _2ddc
_cBK
_04